000 00546nam a2200205 a 4500
005 20240910064143.0
008 031006s1992 mx r 000 0 spa d
020 _a8427113420
035 _aUPN01000129595
049 _aCG
050 4 _aBF575 L8
_bL3.2 1992
100 1 _aLauster, Peter,
_d1940-
_928962
245 1 3 _aEl amor, psicología de un fenómeno /
_cPeter Lauster.
250 _a2a ed.
260 _aBilbao, Esp. :
_bMensajero,
_c[1992].
300 _a166 p.
650 4 _aAmor
_94320
650 4 _aEmociones
_939
905 _aLibro
999 _c101767
_d101767